| 000 | 00985cam a2200277 a 4500 | ||
|---|---|---|---|
| 005 | 20090324155733.0 | ||
| 008 | 081202s2009 nyua 001 0 eng | ||
| 010 | _aENG-94645 | ||
| 020 |
_a9780070142404 _c425.00 |
||
| 020 |
_a0070142408 _c425.00 |
||
| 035 | _aEN-78178 | ||
| 037 | _bDBAD / PUB | ||
| 040 |
_adpl _bEnglish |
||
| 082 | _a005.4476 | ||
| 100 | _aOtey, Michael | ||
| 245 |
_aMicrosoft SQL server 2008 : _bnew features / _cby Michael Otey |
||
| 260 |
_aNew Delhi _bTata McGraw Hill _c2009 |
||
| 270 |
_a7 West Patel Nagar, _bNew Delhi _e110008 |
||
| 300 |
_axxii, 248 p. : _bill. ; _c24cm(pbk) |
||
| 500 | _aIncludes index | ||
| 630 | _aSQL server. | ||
| 650 | _aRelational databases. | ||
| 650 | _aClient/server computing. | ||
| 942 |
_2ddc _cEN _h005.4476 _mOTE |
||
| 999 |
_c28943 _d28943 |
||